Statistics for United Arab Emirates First Level Subdivisions

Click here to take the quiz!

General Stats

  • This quiz has been taken 78 times
  • The average score is 5 of 7

Answer Stats

Imarat% Correct
Dubai
100%
Abu Dhabi
98%
Sharjah
79%
Ras al-Khaimah
63%
Fujairah
60%
Ajman
56%
Umm al-Quwain
49%

Score Distribution

Percentile by Number Answered

Percent of People with Each Score

Your Score History

You have not taken this quiz